Využívanie PLC technológie na prevádzkovanie širokopásmových služieb v oblasti telekomunikácií

Saved in:
Bibliographic Details
Main Author: Štefanička, Marek (Author)
Other Authors: Orgoň, Miloš (Thesis advisor)
Format: Manuscript Book
Language:Slovak
Published: 2017
Subjects:
Online Access:http://is.stuba.sk/zp/portal_zp.pl?podrobnosti=116389
Tags: Add Tag
No Tags, Be the first to tag this record!

MARC

LEADER 00000ntm a22000003a 4500
001 stuzp60390
003 SK-STU
005 20170712104439.1
007 ta
008 150427s2015----xo-----f-mn---000-0-slo-d
040 |a STU  |b slo 
041 0 |a slo 
044 |a xo 
100 1 |a Štefanička, Marek  |u 037000  |4 aut  |U FEI Fakulta elektrotechniky a informatiky  |T FEI Ústav multimediálnych informačných a komunikačných technológií  |X 73040  |U E070  |Y 818  |7 73040 
242 0 1 |a The applications PLC technology for operation of broadband services in sphere of telecommunications  |y eng 
245 1 0 |a Využívanie PLC technológie na prevádzkovanie širokopásmových služieb v oblasti telekomunikácií 
260 |c 2017 
300 |a 38 s. 
650 4 |a Infraštruktúra elektrickej siete  |2 slo 
650 4 |a Širokopásmové služby  |2 slo 
650 4 |a Širokopásmová sieť  |2 slo 
650 4 |a Prenosová rýchlosť  |2 slo 
650 4 |a PLC technológia  |2 slo 
650 4 |a PLC technology  |2 eng 
650 4 |a Infrastructure of electrical network  |2 eng 
650 4 |a Broadband services  |2 eng 
650 4 |a Broadband network  |2 eng 
650 4 |a Transfer speed  |2 eng 
700 1 |a Orgoň, Miloš  |u 037000  |k Z1  |4 ths  |U FEI Fakulta elektrotechniky a informatiky  |T FEI Ústav multimediálnych informačných a komunikačných technológií  |X 2184  |U E070  |Y 818  |7 A000002184 
856 4 |u http://is.stuba.sk/zp/portal_zp.pl?podrobnosti=116389 
996 |b 284ER02360  |c E*Bc- 2360  |l EE37  |s P  |a 0  |w stuzp60390_0001